युग-प्रवर्तक स्वामी दयानन्द / (Record no. 1013)
[ view plain ]
| 000 -LEADER | |
|---|---|
| fixed length control field | 01312 a2200229 4500 |
| 005 - DATE AND TIME OF LATEST TRANSACTION | |
| control field | 20180511160359.0 |
| 010 ## - LCCN (DPL NO) | |
| LC control number | HIN-78934 राष्ट्रपति-2 |
| 020 ## - INTERNATIONAL STANDARD BOOK NUMBER | |
| International Standard Book Number | 8188118281 |
| Terms of availability | 150.00 |
| 035 ## - SYSTEM CONTROL NUMBER | |
| System control number | HN-51280 |
| 037 ## - SOURCE OF ACQUISITION | |
| Source of stock number/acquisition | D.B.Act / pub |
| 037 ## - SOURCE OF ACQUISITION | |
| Source of stock number/acquisition | आर्य प्रकाशन |
| 082 ## - DEWEY DECIMAL CLASSIFICATION NUMBER | |
| Classification number | 238.33 |
| 100 ## - MAIN ENTRY--PERSONAL NAME | |
| Personal name | लाजपतराय, लाला |
| 245 ## - TITLE STATEMENT | |
| Title | युग-प्रवर्तक स्वामी दयानन्द / |
| Statement of responsibility, etc | लाला लाजपतराय ;भवानीलाल भारतीय द्वारा संपादित; गोपालदास देवगण शर्मा द्वारा अनुवादित |
| 246 ## - VARYING FORM OF TITLE | |
| Title proper/short title | Yug-Pravartak Swami Dayanand |
| Remainder of title | by Lala Lajpat Rai |
| 260 ## - PUBLICATION, DISTRIBUTION, ETC. (IMPRINT) | |
| Place of publication, distribution, etc | दिल्ली |
| Name of publisher, distributor, etc | आर्य प्रकाशन मंडल |
| Date of publication, distribution, etc | 2006 |
| 270 ## - ADDRESS | |
| Address | ix/221,सरस्वती भंडार,गांधीनगर |
| City | दिल्ली |
| Postal code | 110031 |
| 300 ## - PHYSICAL DESCRIPTION | |
| Extent | 183पृ |
| Dimensions | 22 सेमी (सजिल्द) |
| 490 ## - SERIES STATEMENT | |
| Series statement | आचार्य रामचन्द्र द्विवेदी ग्रन्थमाला : पुष्प-13 |
| Volume number/sequential designation | भाग-1 |
| 500 ## - GENERAL NOTE | |
| General note | राष्ट्रपति-2 |
| 942 ## - ADDED ENTRY ELEMENTS (KOHA) | |
| Institution code [OBSOLETE] | dpl |
| Item type | Hindi Books |
| Call number prefix | 238.33 / लाजप |
| Source of classification or shelving scheme | Dewey Decimal Classification |
| Classification part | 238.33 |
| Call number suffix | लाजप |
| Withdrawn status | Lost status | Not for loan | Collection code | Home library | Current library | Date acquired | Cost, normal purchase price | Full call number | Barcode | Copy number | Cost, replacement price | Koha item type |
|---|---|---|---|---|---|---|---|---|---|---|---|---|
| Not For Loan | Non-fiction | D.B.Act.Division | D.B.Act.Division | 03/09/2008 | 150.00 | 238.33 लाजप | HN-51280 | 1 | 150.00 | Hindi Books |
